TOURISM DEVELOPMENT (Record no. 13656)
[ view plain ]
| 000 -LEADER | |
|---|---|
| fixed length control field | 00240nam a22001217a 4500 |
| 003 - CONTROL NUMBER IDENTIFIER | |
| control field | SGT |
| 082 ## - DEWEY DECIMAL CLASSIFICATION NUMBER | |
| Item number | BHA |
| 100 ## - MAIN ENTRY--PERSONAL NAME | |
| Personal name | BHATIA, A.K |
| 245 ## - TITLE STATEMENT | |
| Title | TOURISM DEVELOPMENT |
| 260 ## - PUBLICATION, DISTRIBUTION, ETC. (IMPRINT) | |
| Name of publisher, distributor, etc | STERLING PUBLISHER |
| Year of Publication | 1982 |
| 300 ## - PAGE DESCRIPTION | |
| No. of Pages | 354 |
| 942 ## - ADDED ENTRY ELEMENTS (KOHA) | |
| Source of classification or shelving scheme | Dewey Decimal Classification |
| Koha item type | Books |
No items available.